[Event "Titled Tuesday intern op 16th Apr Late"]
[Site "Chess.com INT"]
[Date "2024.04.16"]
[Round "7"]
[White "Zavgorodniy, Sergiy"]
[Black "Zulkipli, Zaidan"]
[Result "1-0"]
[WhiteElo "2379"]
[BlackElo "2198"]
[PlyCount "135"]
[EventDate "2024.04.16"]
[EventType "swiss (blitz)"]
[EventRounds "11"]
[EventCountry "USA"]
[SourceTitle "CB17_2024"]
[SourceDate "2024.04.24"]
[SourceVersion "1"]
[SourceVersionDate "2024.04.24"]
[SourceQuality "1"]

1. d4 Nf6 2. c4 e6 3. Nf3 b6 4. g3 Bb7 5. Bg2 Bb4+ 6. Nbd2 0-0 7. 0-0 d5 8. b3 dxc4 9. Nxc4 Na6 10. Bb2 Be4 11. Rc1 Be7 12. Nce5 c5 13. e3 Rc8 14. Qe2 Nb4 15. a3 Nbd5 16. dxc5 bxc5 17. Rfd1 Qb6 18. Qc4 h6 19. Ba1 a6 20. Nd2 Bxg2 21. Kxg2 Qb5 22. Rb1 Rfd8 23. Ndf3 Qb7 24. Kg1 Qb5 25. h3 Qb7 26. Rd2 Nb6 27. Qc2 Rxd2 28. Nxd2 Rd8 29. Ndc4 Nxc4 30. Qxc4 Nd7 31. Rd1 Nxe5 32. Rxd8+ Bxd8 33. Bxe5 Qd5 34. Qc3 Qd1+ 35. Kg2 Qd5+ 36. Kh2 Qf3 37. Qd2 Ba5 38. Qc2 Be1 39. Kg1 Qd5 40. Bc3 Bxc3 41. Qxc3 Qd1+ 42. Kg2 Qd5+ 43. Kh2 Qf3 44. Qd2 h5 45. h4 Qd5 46. Qc2 g6 47. Kg1 Qf3 48. Qxc5 Qd1+ 49. Kg2 Qxb3 50. Qc8+ Kg7 51. Qxa6 Qd5+ 52. Kh2 Qa2 53. Kg1 Qb1+ 54. Qf1 Qa2 55. Qd3 e5 56. Kg2 f5 57. Qd7+ Kh6 58. a4 e4 59. Qd8 Kh7 60. a5 Qe2 61. Qd7+ Kh6 62. Qd6 Qf3+ 63. Kg1 Qe2 64. a6 Qa2 65. Qd8 Kh7 66. Qd7+ Kh6 67. a7 f4 68. Qd8 1-0

[Event "Putrajaya op 1st"]
[Site "Putrajaya"]
[Date "2019.01.20"]
[Round "4"]
[White "Amirullah, Muhd Ali Asghar"]
[Black "Zulkipli, Zaidan"]
[Result "0-1"]
[WhiteElo "1723"]
[BlackElo "2191"]
[PlyCount "46"]
[EventDate "2019.01.19"]
[EventType "swiss"]
[EventRounds "8"]
[EventCountry "MAS"]
[SourceTitle "CBM 188 Extra"]
[Source "ChessBase"]
[SourceDate "2019.02.26"]
[SourceVersion "1"]
[SourceVersionDate "2019.02.26"]
[SourceQuality "1"]

1. e4 e5 2. Nc3 Nc6 3. g3 Nf6 4. Bg2 Bc5 5. Na4 Be7 6. Ne2 d5 7. exd5 Nxd5 8. h3 0-0 9. 0-0 Be6 10. a3 f5 11. b4 f4 12. Nec3 Nd4 13. Re1 f3 14. Bf1 Bf6 15. Nc5 Bf5 16. Ra2 Nxc3 17. dxc3 Nxc2 18. Bc4+ Kh8 19. Be6 Nxe1 20. Qxe1 Bxe6 21. Nxe6 Qd5 22. Nxf8 Qxa2 23. Nd7 Qe2 0-1

[Event "Putrajaya op 1st"]
[Site "Putrajaya"]
[Date "2019.01.19"]
[Round "3"]
[White "Zulkipli, Zaidan"]
[Black "Koay, Yu Zhe"]
[Result "1-0"]
[WhiteElo "2191"]
[BlackElo "1557"]
[PlyCount "143"]
[EventDate "2019.01.19"]
[EventType "swiss"]
[EventRounds "8"]
[EventCountry "MAS"]
[SourceTitle "CBM 188 Extra"]
[Source "ChessBase"]
[SourceDate "2019.02.26"]
[SourceVersion "1"]
[SourceVersionDate "2019.02.26"]
[SourceQuality "1"]

1. d4 d5 2. Nf3 Nf6 3. c4 c6 4. cxd5 cxd5 5. Nc3 Nc6 6. Bf4 e6 7. e3 a6 8. Bd3 Be7 9. 0-0 0-0 10. Rc1 Bd7 11. a3 h6 12. Na4 Nh5 13. Bg3 Nxg3 14. hxg3 Rc8 15. Nc5 Rc7 16. b4 Nb8 17. Qe2 a5 18. bxa5 Bxc5 19. dxc5 Qe7 20. Qb2 Rfc8 21. Ne5 Be8 22. a4 Bxa4 23. Rc3 Be8 24. Rfc1 Nc6 25. Nxc6 Bxc6 26. a6 bxa6 27. Bxa6 Bb7 28. Bd3 Ba8 29. Bb1 f5 30. Qc2 Kf7 31. g4 g6 32. f3 h5 33. Ba2 hxg4 34. fxg4 Qh4 35. gxf5 gxf5 36. Qf2 Qg4 37. e4 dxe4 38. Rg3 Qh5 39. Qd4 Qh8 40. Qd6 Qf6 41. Bxe6+ Qxe6 42. Rg7+ Kf6 43. Rg6+ Kxg6 44. Qxe6+ Kg5 45. Rc3 f4 46. Qe5+ Kg4 47. Qe6+ Kg5 48. Rh3 Rc6 49. Qe5+ Kg6 50. Qxf4 Kg7 51. Rg3+ Rg6 52. Rxg6+ Kxg6 53. Qg4+ Kf6 54. Qxc8 Bd5 55. Qd8+ Ke5 56. Qd6+ Kd4 57. c6 e3 58. Kf1 Ke4 59. Ke1 Bxc6 60. Qxc6+ Kd3 61. Qf3 Kd4 62. g4 Kd3 63. g5 Kd4 64. g6 Ke5 65. g7 e2 66. Qf7 Kd6 67. g8Q Ke5 68. Qge8+ Kd6 69. Qfd7+ Kc5 70. Qec8+ Kb4 71. Qdb7+ Ka4 72. Qca8# 1-0

[Event "Johor op 5th"]
[Site "Johor"]
[Date "2018.12.12"]
[Round "4"]
[White "Czebe, Attila"]
[Black "Zulkipli, Zaidan"]
[Result "1/2-1/2"]
[WhiteElo "2417"]
[BlackElo "2191"]
[PlyCount "102"]
[EventDate "2018.12.10"]
[EventType "swiss"]
[EventRounds "9"]
[EventCountry "MAS"]
[SourceTitle "CBM 187 Extra"]
[Source "ChessBase"]
[SourceDate "2018.11.04"]
[SourceVersion "1"]
[SourceVersionDate "2018.11.04"]
[SourceQuality "1"]

1. d4 Nf6 2. g3 e6 3. Bg2 d5 4. Nf3 b6 5. 0-0 Be7 6. c4 c6 7. Qc2 Bb7 8. Nbd2 Na6 9. Ne5 0-0 10. cxd5 Nb4 11. Qa4 b5 12. Qd1 cxd5 13. Nb3 Rc8 14. Bd2 Ne4 15. a3 Nxd2 16. Qxd2 Nc6 17. Nxc6 Bxc6 18. Rfc1 Bg5 19. e3 Qb6 20. Bf1 Rc7 21. Rc2 Rfc8 22. Rac1 Be8 23. Bd3 Be7 24. Kf1 g6 25. Na1 b4 26. Rxc7 Rxc7 27. Rxc7 Qxc7 28. axb4 Qb6 29. Nc2 Ba4 30. b5 Bxb5 31. Ne1 a5 32. Bxb5 Qxb5+ 33. Nd3 Kg7 34. Kg2 h5 35. h4 Bd6 36. Qc2 Qc4 37. Qd1 a4 38. Nc1 a3 39. bxa3 Bxa3 40. Nd3 Bd6 41. Ne1 Bb4 42. Nf3 Be7 43. g4 hxg4 44. Ne5 Qc7 45. Qxg4 Bf6 46. Nf3 Qc2 47. Kg3 Qf5 48. Qxf5 gxf5 49. Ng5 Be7 50. f4 Kg6 51. Kf3 Bf6 1/2-1/2

[Event "Johor op 5th"]
[Site "Johor"]
[Date "2018.12.11"]
[Round "3"]
[White "Zulkipli, Zaidan"]
[Black "Li, Bo"]
[Result "1/2-1/2"]
[WhiteElo "2191"]
[BlackElo "2312"]
[PlyCount "68"]
[EventDate "2018.12.10"]
[EventType "swiss"]
[EventRounds "9"]
[EventCountry "MAS"]
[SourceTitle "CBM 187 Extra"]
[Source "ChessBase"]
[SourceDate "2018.11.04"]
[SourceVersion "1"]
[SourceVersionDate "2018.11.04"]
[SourceQuality "1"]

1. d4 Nf6 2. c4 e6 3. g3 Bb4+ 4. Bd2 c5 5. Bxb4 cxb4 6. Nf3 b6 7. Bg2 Bb7 8. a3 Qe7 9. 0-0 0-0 10. Nbd2 d5 11. Qb3 dxc4 12. Nxc4 Bd5 13. Nfe5 Bxg2 14. Kxg2 Qb7+ 15. Kg1 bxa3 16. Rxa3 Nc6 17. Qf3 Nd5 18. Rd1 f6 19. Nxc6 Qxc6 20. Ne3 Rfd8 21. Rc3 Qa4 22. b3 Qb5 23. Nxd5 Qxd5 24. e4 Qb7 25. Qg4 Qd7 26. Qf3 Rac8 27. Rcd3 Qb5 28. d5 exd5 29. exd5 Rd6 30. h4 Rcd8 31. Qe4 Qe8 32. Qf3 Qb5 33. Qe4 Re8 34. Qf3 Red8 1/2-1/2

[Event "Olympiad-43"]
[Site "Batumi"]
[Date "2018.09.24"]
[Round "1.16"]
[White "Stupak, Kirill"]
[Black "Zulkipli, Zaidan"]
[Result "1-0"]
[WhiteElo "2583"]
[BlackElo "2203"]
[PlyCount "85"]
[EventDate "2018.09.24"]
[EventType "team-swiss"]
[EventRounds "11"]
[EventCountry "GEO"]
[SourceTitle "CBM 187"]
[Source "ChessBase"]
[SourceDate "2018.12.11"]
[SourceVersion "1"]
[SourceVersionDate "2018.12.11"]
[SourceQuality "1"]
[WhiteTeam "Belarus"]
[BlackTeam "Malaysia"]
[WhiteTeamCountry "BLR"]
[BlackTeamCountry "MAS"]

1. d4 Nf6 2. c4 e6 3. g3 Be7 4. Bg2 0-0 5. e4 d6 6. Nc3 e5 7. Nge2 Be6 8. d5 Bd7 9. f4 exf4 10. gxf4 Bg4 11. 0-0 Re8 12. Be3 Nbd7 13. Qc2 Nb6 14. b3 Bf8 15. Ng3 Nh5 16. Nh1 c6 17. f5 Nf6 18. Bg5 h6 19. Bh4 Nbd7 20. h3 Bh5 21. Ng3 Qb6+ 22. Kh1 Rac8 23. Qd2 Qb4 24. Rf2 Kh8 25. Rg1 cxd5 26. Nxd5 Qxd2 27. Rxd2 Nxd5 28. Rxd5 g5 29. Bxg5 hxg5 30. Nxh5 Rc5 31. Rd2 b5 32. cxb5 Rxb5 33. Bf3 Rc5 34. Rf2 f6 35. h4 Bh6 36. Nxf6 Nxf6 37. hxg5 Bxg5 38. Rxg5 Rc1+ 39. Kg2 Rg8 40. Rxg8+ Kxg8 41. Rd2 Ne8 42. e5 dxe5 43. Rd8 1-0

[Event "Puchong FF03 IM"]
[Site "Puchong"]
[Date "2018.03.05"]
[Round "5"]
[White "Zulkipli, Zaidan"]
[Black "Gahan, MG."]
[Result "1-0"]
[WhiteElo "2168"]
[BlackElo "2311"]
[PlyCount "97"]
[EventDate "2018.03.03"]
[EventType "tourn"]
[EventRounds "9"]
[EventCountry "MAS"]
[EventCategory "1"]
[SourceTitle "CBM 183 Extra"]
[Source "ChessBase"]
[SourceDate "2018.04.19"]
[SourceVersion "1"]
[SourceVersionDate "2018.04.19"]
[SourceQuality "1"]

1. d4 Nf6 2. c4 g6 3. g3 c6 4. Nf3 d5 5. Nbd2 Bg7 6. Bg2 0-0 7. 0-0 Ne4 8. cxd5 Nxd2 9. Bxd2 cxd5 10. Ne5 Nc6 11. Nxc6 bxc6 12. Bb4 Rb8 13. Ba3 Re8 14. Rc1 Qb6 15. e3 e5 16. dxe5 Bxe5 17. Qa4 Bb7 18. Rfd1 Rec8 19. b3 Qa6 20. Qxa6 Bxa6 21. Bc5 Rb7 22. e4 Rbc7 23. Bd4 Bxd4 24. Rxd4 dxe4 25. Bxe4 c5 26. Rd6 Bb7 27. Bxb7 Rxb7 28. Rd4 cxd4 29. Rxc8+ Kg7 30. Kf1 a5 31. Rc4 Kf6 32. Ke2 Rb5 33. Rxd4 g5 34. h4 Re5+ 35. Kd2 Rf5 36. hxg5+ Kxg5 37. Ke3 Rc5 38. Kf3 f5 39. Kg2 Rb5 40. Kh3 Rb4 41. f4+ Kh5 42. Rc4 h6 43. Rc5 a4 44. Rc4 Rxc4 45. bxc4 Kg6 46. Kg2 Kf6 47. Kf3 Ke6 48. Ke3 Kd6 49. a3 1-0

[Event "Penang op 8th"]
[Site "Penang"]
[Date "2016.12.07"]
[Round "4"]
[White "Villamayor, Buenaventura"]
[Black "Zulkipli, Zaidan"]
[Result "1-0"]
[WhiteElo "2453"]
[BlackElo "2136"]
[PlyCount "97"]
[EventDate "2016.12.05"]
[EventType "swiss"]
[EventRounds "9"]
[EventCountry "MAS"]
[SourceTitle "CBM 176 Extra"]
[Source "ChessBase"]
[SourceDate "2017.03.02"]
[SourceVersion "1"]
[SourceVersionDate "2017.03.02"]
[SourceQuality "1"]

1. d4 Nf6 2. Nf3 e6 3. c4 b6 4. e3 Bb7 5. Bd3 c5 6. Nc3 d5 7. cxd5 exd5 8. Ne5 Be7 9. Bb5+ Kf8 10. 0-0 a6 11. Be2 c4 12. a4 Nc6 13. b3 Qc7 14. Nxc6 Qxc6 15. bxc4 dxc4 16. Bf3 Qc7 17. d5 Rd8 18. Ba3 Bxa3 19. Rxa3 Qe5 20. Qb1 Rd6 21. Qb4 g5 22. Qxc4 Kg7 23. Rd1 Rc8 24. Qd4 Qxd4 25. Rxd4 h5 26. h3 Rdd8 27. Rb3 Ba8 28. e4 Rc5 29. Rd3 Nd7 30. Bxh5 Rc4 31. Rg3 f6 32. Be2 Rd4 33. Re3 Rb8 34. Rb1 Nc5 35. f3 Nxa4 36. Bxa6 Nc5 37. Bb5 Bb7 38. Ne2 Rd2 39. Ra3 f5 40. Ng3 f4 41. Nf5+ Kf6 42. Nd6 Kg6 43. Ra7 Bxd5 44. exd5 Rxd5 45. Ne4 Nxe4 46. fxe4 Rd2 47. Rc1 Kh5 48. Rh7+ Kg6 49. Rd7 1-0

[Event "Penang op 8th"]
[Site "Penang"]
[Date "2016.12.05"]
[Round "1"]
[White "Zulkipli, Zaidan"]
[Black "Goh, Jie Yi"]
[Result "1-0"]
[WhiteElo "2136"]
[BlackElo "1603"]
[PlyCount "107"]
[EventDate "2016.12.05"]
[EventType "swiss"]
[EventRounds "9"]
[EventCountry "MAS"]
[SourceTitle "CBM 176 Extra"]
[Source "ChessBase"]
[SourceDate "2017.03.02"]
[SourceVersion "1"]
[SourceVersionDate "2017.03.02"]
[SourceQuality "1"]

1. g3 e6 2. Bg2 f5 3. d4 Nf6 4. Nd2 d5 5. Nh3 Bd6 6. Nf3 c6 7. 0-0 0-0 8. Bf4 b6 9. Rc1 Qe7 10. Ne5 Bb7 11. c4 Bxe5 12. dxe5 Nfd7 13. Ng5 dxc4 14. Rxc4 h6 15. Nf3 c5 16. h4 Bd5 17. Rc2 Nc6 18. Rd2 Qf7 19. Rxd5 exd5 20. Ng5 Qe7 21. Bxd5+ Kh8 22. Bxc6 Rad8 23. Qa4 Nxe5 24. Bxe5 Qxe5 25. Nf3 Qxb2 26. Qf4 Qxa2 27. Ne5 Qe6 28. h5 Rf6 29. Bf3 a5 30. Ng6+ Kh7 31. e3 b5 32. Qc7 Qb6 33. Qe7 Qd6 34. Qa7 Qb6 35. Qe7 Qd6 36. Ra1 a4 37. e4 fxe4 38. Bxe4 Kg8 39. Qb7 Rb8 40. Bd5+ Kh7 41. Qa7 Rc8 42. Be4 Re8 43. Rf1 Kg8 44. Qb7 b4 45. Bd5+ Kh7 46. Qb5 Rb8 47. Qd3 Rxg6 48. hxg6+ Kh8 49. Re1 b3 50. Qb5 Qd8 51. Qxc5 Qf6 52. Qb4 Rd8 53. Bf7 Ra8 54. Qxa4 1-0

[Event "Shah Alam"]
[Site "Shah Alam"]
[Date "2016.01.31"]
[Round "4"]
[White "Lim, Zhuo Ren"]
[Black "Zulkipli, Zaidan"]
[Result "1-0"]
[WhiteElo "2218"]
[BlackElo "2135"]
[PlyCount "130"]
[EventDate "2016.01.23"]
[EventType "tourn"]
[EventRounds "5"]
[EventCountry "MAS"]
[SourceTitle "EXT 2017"]
[Source "ChessBase"]
[SourceDate "2016.10.25"]
[SourceVersion "1"]
[SourceVersionDate "2016.10.25"]
[SourceQuality "1"]

1. c3 Nf6 2. g3 e6 3. Bg2 d5 4. Nf3 Be7 5. 0-0 0-0 6. d3 b6 7. Nbd2 Bb7 8. Re1 Na6 9. a4 Rb8 10. Qc2 Re8 11. Ne5 Nc5 12. a5 a6 13. Ndf3 Ncd7 14. Nxd7 Nxd7 15. Bf4 Bd6 16. Bg5 f6 17. Bd2 b5 18. e4 c5 19. exd5 exd5 20. Rxe8+ Qxe8 21. Re1 Qf7 22. d4 Re8 23. Bh3 Rxe1+ 24. Nxe1 Nf8 25. dxc5 Bxc5 26. Qf5 Qe7 27. Nd3 Ba7 28. Nf4 Qe4 29. Qxe4 dxe4 30. Kf1 Kf7 31. Ke2 g6 32. Be3 Bb8 33. Kd2 f5 34. Bf1 Bc7 35. b4 Bd6 36. h4 Ke7 37. Ne2 Ne6 38. Nd4 f4 39. gxf4 Nxf4 40. Nb3 Ne6 41. Nd4 Nf4 42. Nc2 Ne6 43. c4 bxc4 44. Bxc4 Nc7 45. Bg5+ Ke8 46. Bg8 Bd5 47. Bxh7 Kf7 48. Bh6 Bb3 49. h5 gxh5 50. Bxe4 Bxc2 51. Kxc2 Bxb4 52. Bd2 Bd6 53. Kd3 Kf6 54. Kd4 Kf7 55. Bg2 Kf6 56. Ke4 h4 57. Bh3 Kf7 58. Bc8 Kf6 59. Bh3 Kf7 60. Bg4 Kf6 61. Bc8 Kf7 62. Kf3 Be7 63. Kg4 Bc5 64. Be1 Be7 65. f4 Bf8 1-0

[Event "Penang op 7th"]
[Site "Penang"]
[Date "2015.12.12"]
[Round "9"]
[White "Zulkipli, Zaidan"]
[Black "Daniel Hermawan, Lumban Tobing"]
[Result "1-0"]
[WhiteElo "2104"]
[BlackElo "1878"]
[PlyCount "73"]
[EventDate "2015.12.07"]
[EventType "swiss"]
[EventRounds "9"]
[EventCountry "MAS"]
[SourceTitle "CBM 169 Extra"]
[Source "ChessBase"]
[SourceDate "2015.12.18"]
[SourceVersion "1"]
[SourceVersionDate "2015.12.18"]
[SourceQuality "1"]

1. d4 Nf6 2. c4 g6 3. g3 Bg7 4. Bg2 0-0 5. Nc3 d6 6. Nf3 Nbd7 7. 0-0 c6 8. e4 e5 9. d5 Qc7 10. h3 Nc5 11. Ne1 Rd8 12. Be3 Ncd7 13. Nd3 Nh5 14. Rc1 c5 15. b4 b6 16. g4 Nhf6 17. f4 Ne8 18. f5 Bb7 19. g5 a6 20. bxc5 Nxc5 21. Nxc5 bxc5 22. h4 Bc8 23. h5 Bf8 24. f6 Kh8 25. Kf2 Rb8 26. Rc2 Rb4 27. Qe2 Bd7 28. Rh1 Rdb8 29. Kg3 R8b7 30. Bf1 Ba4 31. Rd2 Bd7 32. Qh2 Bc8 33. Rf2 Qd7 34. Be2 h6 35. hxg6 fxg6 36. f7 Nc7 37. Qxh6+ 1-0

[Event "Penang op 7th"]
[Site "Penang"]
[Date "2015.12.09"]
[Round "4"]
[White "Yeoh, Chin Seng"]
[Black "Zulkipli, Zaidan"]
[Result "0-1"]
[WhiteElo "2059"]
[BlackElo "2104"]
[PlyCount "88"]
[EventDate "2015.12.07"]
[EventType "swiss"]
[EventRounds "9"]
[EventCountry "MAS"]
[SourceTitle "CBM 169 Extra"]
[Source "ChessBase"]
[SourceDate "2015.12.18"]
[SourceVersion "1"]
[SourceVersionDate "2015.12.18"]
[SourceQuality "1"]

1. e4 e5 2. Nf3 Nc6 3. Bc4 Nf6 4. d3 Be7 5. 0-0 0-0 6. Re1 d6 7. c3 Na5 8. Bb5 a6 9. Ba4 b5 10. Bc2 c5 11. Nbd2 h6 12. Nf1 Nh7 13. Ne3 Nc6 14. d4 exd4 15. cxd4 Ng5 16. dxc5 Nxf3+ 17. gxf3 dxc5 18. Qxd8 Bxd8 19. Kg2 Nd4 20. Bb1 Be6 21. f4 f6 22. Bd2 Bc7 23. Nc2 Nc6 24. Be3 c4 25. Rd1 Rfd8 26. Rxd8+ Rxd8 27. a3 a5 28. Kf3 g5 29. fxg5 hxg5 30. h3 Be5 31. Ba2 Kf7 32. Rb1 a4 33. Kg2 Rh8 34. Rh1 g4 35. h4 f5 36. Bc1 f4 37. f3 g3 38. h5 Kf6 39. h6 Kg6 40. Ne1 Rxh6 41. Rxh6+ Kxh6 42. Nd3 cxd3 43. Bxe6 Nd4 44. Bd5 Nb3 0-1

[Event "Melaka-chA"]
[Site "Melaka"]
[Date "2012.04.24"]
[Round "3"]
[White "Zulkipli, Zaidan"]
[Black "Praveen Kumar, Chandrasekar"]
[Result "0-1"]
[WhiteElo "2066"]
[BlackElo "2343"]
[PlyCount "90"]
[EventDate "2012.04.23"]
[EventType "swiss"]
[EventRounds "9"]
[EventCountry "MAS"]
[SourceTitle "CBM 148 Extra"]
[Source "ChessBase"]
[SourceDate "2012.06.22"]
[SourceVersion "1"]
[SourceVersionDate "2012.06.22"]
[SourceQuality "1"]

1. d4 e6 2. c4 Nf6 3. g3 c5 4. d5 exd5 5. cxd5 d6 6. Nc3 g6 7. Bg2 Bg7 8. Nf3 0-0 9. 0-0 a6 10. a4 Nbd7 11. h3 Rb8 12. Bf4 Qc7 13. Rc1 Nh5 14. Be3 Ne5 15. g4 Nxf3+ 16. exf3 Nf6 17. Qd2 Bd7 18. Rfe1 b5 19. axb5 Bxb5 20. Bg5 Nd7 21. f4 c4 22. f5 Nc5 23. f6 Bh8 24. Nxb5 axb5 25. Re7 Qd8 26. Rce1 b4 27. Bf1 c3 28. bxc3 b3 29. Bd3 Nxd3 30. Qxd3 b2 31. Rb1 Qc8 32. Re2 Rb3 33. Rc2 Qb7 34. Kh2 Rb8 35. Re2 Qc8 36. Re3 h6 37. Bh4 g5 38. Bxg5 hxg5 39. Rf3 Qe8 40. Qd2 Bxf6 41. Kg2 Bg7 42. Qxg5 Qe5 43. Qd2 Rxc3 44. Rxb2 Rxb2 45. Qxb2 Qe4 0-1

[Event "Melaka-chA"]
[Site "Melaka"]
[Date "2012.04.23"]
[Round "1"]
[White "Zulkipli, Zaidan"]
[Black "Czebe, Attila"]
[Result "0-1"]
[WhiteElo "2066"]
[BlackElo "2477"]
[PlyCount "80"]
[EventDate "2012.04.23"]
[EventType "swiss"]
[EventRounds "9"]
[EventCountry "MAS"]
[SourceTitle "CBM 148 Extra"]
[Source "ChessBase"]
[SourceDate "2012.06.22"]
[SourceVersion "1"]
[SourceVersionDate "2012.06.22"]
[SourceQuality "1"]

1. d4 d6 2. e4 g6 3. Bc4 Bg7 4. c3 c6 5. Nf3 d5 6. exd5 cxd5 7. Bd3 Nc6 8. 0-0 Nf6 9. Re1 0-0 10. h3 Qc7 11. Bg5 h6 12. Bd2 Nh5 13. Qc1 g5 14. Na3 f5 15. Nb5 Qd8 16. c4 e6 17. cxd5 exd5 18. Qc5 Rf6 19. Nc3 Be6 20. Nxg5 hxg5 21. Bxg5 Qd7 22. Bxf6 Nxf6 23. Rad1 Bf7 24. Bb5 Bf8 25. Bxc6 bxc6 26. Qa5 Rb8 27. Re2 Nh5 28. Qa6 Nf4 29. Rc2 Bh5 30. f3 Qg7 31. Kf1 Qg3 32. Qxc6 Rb6 33. Qd7 Rd6 34. Qxf5 Bg6 35. Qg4 Qxg4 36. hxg4 Bxc2 37. Rd2 Bd3+ 38. Kf2 Bh6 39. Ke1 Ba6 40. Kd1 Ne6 0-1

[Event "Brunei Campomanes Memorial"]
[Site "Bandar Seri Begawan"]
[Date "2012.04.09"]
[Round "3"]
[White "Hj, Azahari Md Nur Arri"]
[Black "Zulkipli, Zaidan"]
[Result "0-1"]
[WhiteElo "1986"]
[BlackElo "2066"]
[PlyCount "118"]
[EventDate "2012.04.08"]
[EventType "swiss"]
[EventRounds "9"]
[EventCountry "BRN"]
[SourceTitle "CBM 147 Extra"]
[Source "ChessBase"]
[SourceDate "2012.04.24"]
[SourceVersion "1"]
[SourceVersionDate "2012.04.24"]
[SourceQuality "1"]

1. e4 e5 2. Nf3 d6 3. d4 exd4 4. Nxd4 Nf6 5. Nc3 Be7 6. Bc4 0-0 7. 0-0 Nxe4 8. Nxe4 d5 9. Bd3 dxe4 10. Bxe4 Na6 11. Be3 f5 12. Bf3 f4 13. Bc1 c6 14. c3 Kh8 15. b3 Qa5 16. Qc2 Nc7 17. Bb2 Qg5 18. g3 Bh3 19. Bg2 Bxg2 20. Kxg2 f3+ 21. Nxf3 Rxf3 22. Kxf3 Qd5+ 23. Ke2 Re8 24. Bc1 Qh5+ 25. Ke1 Nd5 26. Be3 Bf6 27. Rd1 Bxc3+ 28. Rd2 Qf3 29. Qd1 Qe4 30. Qc1 Qd3 31. Rg1 Rxe3+ 32. fxe3 Qxe3+ 33. Kf1 Bxd2 34. Qd1 Nc3 35. Qg4 Qd3+ 36. Kg2 Qd5+ 37. Kh3 h5 38. Qc8+ Kh7 39. Rf1 Ne4 40. Qf5+ Qxf5+ 41. Rxf5 Nf6 42. Re5 Bb4 43. Kg2 Kg6 44. Kf3 Kf7 45. a3 Bd6 46. Ra5 a6 47. h3 Nd5 48. b4 g5 49. g4 h4 50. Ke4 Ke6 51. Kd4 Bc7 52. Ra4 Bb6+ 53. Kc4 Ke5 54. Kb3 Nf4 55. Kc2 Nxh3 56. b5 axb5 57. Ra8 Nf2 58. Re8+ Kf4 59. Re7 h3 0-1

[Event "Uxbridge e2e4 Autumn Challengers-D"]
[Site "Uxbridge"]
[Date "2010.08.15"]
[Round "8"]
[White "Bennett, Dominic"]
[Black "Zulkipli, Zaidan"]
[Result "0-1"]
[WhiteElo "1973"]
[BlackElo "2039"]
[PlyCount "78"]
[EventDate "2010.08.11"]
[EventType "tourn"]
[EventRounds "9"]
[EventCountry "ENG"]
[SourceTitle "CBM 137 Extra"]
[Source "ChessBase"]
[SourceDate "2010.09.01"]
[SourceVersion "1"]
[SourceVersionDate "2010.09.01"]
[SourceQuality "1"]

1. Nf3 d6 2. e4 Nf6 3. c3 Nbd7 4. Bd3 e5 5. h3 Be7 6. Bc2 c5 7. 0-0 0-0 8. Re1 b5 9. a4 b4 10. d4 a5 11. Nbd2 Qc7 12. Nf1 Ba6 13. Bg5 Rfc8 14. Rc1 Bxf1 15. Rxf1 Qb7 16. Nh4 cxd4 17. Nf5 Bf8 18. cxd4 h6 19. Bxf6 Nxf6 20. dxe5 dxe5 21. Re1 b3 22. Bd3 g6 23. Ng3 Rd8 24. Qf3 Qb4 25. Bb5 Kg7 26. Re2 Rac8 27. Rxc8 Rxc8 28. Re3 Rc2 29. Rxb3 Qe1+ 30. Kh2 Rxf2 31. Qe3 Qxe3 32. Rxe3 Rxb2 33. Rc3 Bb4 34. Rc7 Be1 35. Bc6 Rc2 36. Nf5+ gxf5 37. Rxf7+ Kxf7 38. Be8+ Kxe8 39. h4 Nh5 0-1

[Event "Uxbridge e2e4 Autumn Challengers-D"]
[Site "Uxbridge"]
[Date "2010.08.13"]
[Round "4"]
[White "Yeo, Gareth"]
[Black "Zulkipli, Zaidan"]
[Result "0-1"]
[WhiteElo "2024"]
[BlackElo "2039"]
[PlyCount "68"]
[EventDate "2010.08.11"]
[EventType "tourn"]
[EventRounds "9"]
[EventCountry "ENG"]
[SourceTitle "CBM 137 Extra"]
[Source "ChessBase"]
[SourceDate "2010.09.01"]
[SourceVersion "1"]
[SourceVersionDate "2010.09.01"]
[SourceQuality "1"]

1. d4 d6 2. c4 e5 3. d5 Be7 4. e4 Bg5 5. Nc3 Nd7 6. Nge2 Bxc1 7. Rxc1 a5 8. g3 Ngf6 9. Bg2 Nc5 10. 0-0 0-0 11. f4 Bg4 12. Qd2 Bxe2 13. Qxe2 Qe7 14. f5 c6 15. g4 cxd5 16. cxd5 h6 17. h4 Nh7 18. Nb5 b6 19. Rc3 Qxh4 20. Nxd6 Nf6 21. Nc4 Ncd7 22. Ne3 Rfc8 23. Rfc1 Rc5 24. Bf3 Rac8 25. Ng2 Qh3 26. Ne3 Qg3+ 27. Qg2 Qf4 28. Nd1 Nh7 29. R1c2 Ng5 30. Rf2 Nf6 31. Rxc5 Rxc5 32. Nc3 Qc1+ 33. Kh2 b5 34. Re2 Qf4+ 0-1

[Event "Uxbridge e2e4 Autumn Challengers-D"]
[Site "Uxbridge"]
[Date "2010.08.13"]
[Round "5"]
[White "Zulkipli, Zaidan"]
[Black "Jaunooby, Ali Reza"]
[Result "0-1"]
[WhiteElo "2039"]
[BlackElo "2155"]
[PlyCount "67"]
[EventDate "2010.08.11"]
[EventType "tourn"]
[EventRounds "9"]
[EventCountry "ENG"]
[SourceTitle "CBM 137 Extra"]
[Source "ChessBase"]
[SourceDate "2010.09.01"]
[SourceVersion "1"]
[SourceVersionDate "2010.09.01"]
[SourceQuality "1"]

1. d4 g6 2. c4 Bg7 3. Nf3 c5 4. e3 Nf6 5. Be2 cxd4 6. Nxd4 Nc6 7. Nc3 0-0 8. 0-0 d5 9. cxd5 Nxd5 10. Ndb5 Be6 11. Nd4 Nxd4 12. exd4 Qb6 13. Bg5 Qxb2 14. Nxd5 Bxd5 15. Bxe7 Rfe8 16. Rb1 Qxa2 17. Ra1 Qb3 18. Bg5 Qxd1 19. Bxd1 Bc4 20. Be3 Bxf1 21. Kxf1 Red8 22. Ra4 b5 23. Rb4 Rab8 24. Bf4 a5 25. Rb1 Rbc8 26. Bg4 f5 27. Be2 b4 28. Ba6 Rc2 29. Be3 Bxd4 30. Rd1 Bb6 31. Bd3 Rc3 32. Bxb6 Rdxd3 33. Rxd3 Rxd3 34. Bxa5 0-1